| 000 | 00376 a2200133 4500 | ||
|---|---|---|---|
| 001 | 90372 | ||
| 082 | _aPR 889 | ||
| 090 |
_c42692 _d42692 |
||
| 100 | _aMohammad Amin; | ||
| 245 |
_astability of cylindrical shell under different types of loading _nG-21 |
||
| 260 |
_aKarachi _bNED University _c1985 |
||
| 300 |
_a117 p. _bhand written manuscripts |
||
| 500 | _aBE Project Reports | ||
| 942 |
_aCAE NUST _kPR 889 |
||
| 999 |
_c325445 _d325445 |
||